Twenty One Pilots - Every Song Ever - Statistics

General Stats
  • This quiz has been taken 12 times
  • The average score is 56 of 190
Answer Stats
Hint Answer % Correct
Scaled And Icy (Livestream Version) Choker / Stressed Out / Migraine / Morph/ Holding on to You - Livestream Version
70%
Twenty One Pilots Fall Away
70%
Regional at Best | Vessel House of Gold
70%
MTV Unplugged (Live) House Of Gold / Lane Boy - MTV Unplugged Live
70%
Twenty One Pilots Implicit Demand For Proof
70%
Vessel Migraine
70%
Regional at Best | Vessel Ode to Sleep
70%
Twenty One Pilots The Pantaloon
70%
Regional at Best | Vessel Guns for Hands
60%
Regional at Best | Vessel Holding on to You
60%
Twenty One Pilots Johnny Boy
60%
Scaled And Icy (Livestream Version) Saturday / Level of Concern / Ride / Car Radio - Livestream Version
60%
Vessel Screen
60%
Twenty One Pilots Taxi Cab
60%
Regional at Best | Vessel Trees
60%
Twenty One Pilots A Car, a Torch, a Death
50%
Twenty One Pilots Addict With A Pen
50%
Twenty One Pilots Air Catcher
50%
Regional at Best Anathema
50%
Regional at Best Be Concerned
50%
Twenty One Pilots Before You Start Your Day
50%
Regional at Best | Vessel Car Radio
50%
MTV Unplugged (Live) Car Radio / Heathens - MTV Unplugged Live
50%
Regional at Best Clear
50%
Regional at Best Forest
50%
Regional at Best Glowing Eyes
50%
Twenty One Pilots Isle Of Flightless Birds
50%
Regional at Best Kitchen Sink
50%
Twenty One Pilots March To the Sea
50%
Twenty One Pilots Oh Ms Believer
50%
Regional at Best Ruby
50%
Vessel Semi-Automatic
50%
Regional at Best Slowtown
50%
Twenty One Pilots Trapdoor
50%
Vessel Truce
50%
Regional at Best Two
50%
Scaled And Icy | Scaled And Icy (Livestream Version) Choker
40%
Drag Path Drag Path
40%
Vessel Fake You Out
40%
Twenty One Pilots Friend, Please
40%
Heathens Heathens
40%
Heathens / Trees (Livestream Version) | Scaled And Icy (Livestream Version) Heathens / Trees - Livestream Version
40%
Blurryface Heavydirtysoul
40%
Level of Concern | Level of Concern (live from outside) Level of Concern
40%
Regional at Best Lovely
40%
Scaled And Icy | Scaled And Icy (Livestream Version) Mulberry Street
40%
Blurryface Ride
40%
MTV Unplugged (Live) Ride / Nico And The Niners - MTV Unplugged Live
40%
Scaled And Icy | Scaled And Icy (Livestream Version) Saturday
40%
Scaled And Icy | Scaled And Icy (Livestream Version) | Shy Away (Livestream Version) Shy Away
40%
Blurryface Stressed Out
40%
The Hype (Alt Mix) | The Hype (Berlin) | Trench The Hype
40%
Vessel The Run and Go
40%
Scaled And Icy | Scaled And Icy (Livestream Version) Bounce Man
30%
Chlorine (Mexico City) | Trench Chlorine
30%
Blurryface Doubt
30%
Doubt (demo) Doubt (demo)
30%
Scaled And Icy | Scaled And Icy (Livestream Version) Formidable
30%
Scaled And Icy | Scaled And Icy (Livestream Version) Good Day
30%
Scaled And Icy (Livestream Version) Lane Boy / Redecorate / Chlorine - Livestream Version
30%
Scaled And Icy | Scaled And Icy (Livestream Version) Never Take It
30%
Trench Nico and the Niners
30%
Scaled And Icy | Scaled And Icy (Livestream Version) No Chances
30%
Scaled And Icy | Scaled And Icy (Livestream Version) Redecorate
30%
Clancy The Craving (Jenna's version)
30%
Scaled And Icy | Scaled And Icy (Livestream Version) The Outside
30%
Cancer Cancer
20%
Chlorine (Alternative Mix) Chlorine - Alternative Mix
20%
Chlorine (Mexico City) Chlorine (Mexico City)
20%
Christmas Saves The Year Christmas Saves The Year
20%
Breach City Walls
20%
Trench Cut My Lip
20%
Cut My Lip (Brooklyn) Cut My Lip (Brooklyn)
20%
Breach Downstairs
20%
Breach | Drum Show Drum Show
20%
Blurryface Goner
20%
TOPxMM Heathens (feat. MUTEMATH)
20%
TOPxMM Heavydirtysoul (feat. MUTEMATH)
20%
Breach Intentions
20%
MTV Unplugged (Live) Intro - MTV Unplugged Live
20%
Trench Jumpsuit
20%
Scaled And Icy (Livestream Version) Jumpsuit / Heavydirtysoul - Livestream Version
20%
Blurryface Lane Boy
20%
TOPxMM Lane Boy (feat. MUTEMATH)
20%
Trench Leave the City
20%
Level of Concern (live from outside) Level of Concern - live from outside
20%
Blurryface Message Man
20%
Trench Morph
20%
Scaled And Icy (Livestream Version) Mulberry Street - Livestream Version
20%
Scaled And Icy (Livestream Version) Never Take It - Livestream Version
20%
Clancy | The Craving Next Semester
20%
Clancy | Overcompensate | The Craving Overcompensate
20%
Trench Pet Cheetah
20%
Breach RAWFEAR
20%
TOPxMM Ride (feat. MUTEMATH)
20%
Scaled And Icy (Livestream Version) | Shy Away (Livestream Version) Shy Away - Livestream Version
20%
MTV Unplugged (Live) Shy Away - MTV Unplugged Live
20%
Trench Smithereens
20%
MTV Unplugged (Live) Stressed Out - MTV Unplugged Live
20%
Blurryface Tear in My Heart
20%
TOPxMM Tear in My Heart (feat. MUTEMATH)
20%
MTV Unplugged (Live) Tear in My Heart - MTV Unplugged Live
20%
Breach | Drum Show | The Contract The Contract
20%
The Craving The Craving - single version
20%
The Hype (Alt Mix) | The Hype (Berlin) The Hype - Alt Mix
20%
The Hype (Berlin) The Hype - Berlin
20%
Blurryface The Judge
20%
The Line (from the series Arcane League of Legends) The Line (from the series Arcane League of Legends)
20%
Scaled And Icy (Livestream Version) The Outside - Livestream Version
20%
Clancy At The Risk Of Feeling Dumb
10%
Clancy | The Craving Backslide
10%
Trench Bandito
10%
Vessel (with commentary) Car Radio - Bonus Commentary
10%
Spotify Sessions Car Radio - Live from SXSW
10%
Breach Center Mass
10%
Breach Cottonwood
10%
Breach Days Lie Dormant
10%
Breach (Digital Remains) Drag Path (Devil's Eyes)
10%
Blurryface Fairly Local
10%
Vessel (with commentary) Fake You Out - Bonus Commentary
10%
Breach Garbage
10%
Vessel (with commentary) Guns for Hands - Bonus Commentary
10%
Spotify Sessions Guns for Hands - Live from SXSW
10%
Vessel (with commentary) Holding on to You - Bonus Commentary
10%
Spotify Sessions Holding on to You - Live from SXSW
10%
Blurryface Hometown
10%
Vessel (with commentary) House of Gold - Bonus Commentary
10%
Spotify Sessions Intro - Live from SXSW
10%
Clancy Lavish
10%
Trench Legend
10%
Scaled And Icy (Livestream Version) Level of Conern
10%
Trench Levitate
10%
Clancy Midwest Indigo
10%
Vessel (with commentary) Migraine - Bonus Commentary
10%
Spotify Sessions Migraine - Live from SXSW
10%
Trench My Blood
10%
Clancy Navigating
10%
Trench Neon Gravestones
10%
Blurryface Not Today
10%
Vessel (with commentary) Ode to Sleep - Bonus Commentary
10%
Spotify Sessions Ode to Sleep - Live from SXSW
10%
Clancy Oldies Station
10%
Breach One Way
10%
Overcompensate Overcompensate (edit)
10%
Clancy Paladin Strait
10%
Blurryface Polarize
10%
Breach Robot Voices
10%
Clancy Routines in the Night
10%
Vessel (with commentary) Screen - Bonus Commentary
10%
Spotify Sessions Screen - Live from SXSW
10%
Vessel (with commentary) Semi-Automatic - Bonus Commentary
10%
Clancy Snap Back
10%
Breach Tally
10%
Vessel (with commentary) The Run and Go - Bonus Commentary
10%
Vessel (with commentary) Trees - Bonus Commentary
10%
Vessel (with commentary) Truce - Bonus Commentary
10%
Clancy Vignette
10%
Blurryface We Don't Believe What's on TV
10%
No matching quizzes found
Score Distribution
Percent of People with Each Score
Percentile by Number Answered
Your Score History
You have not taken this quiz